Catálogo - Centro de Recursos para el Aprendizaje y la Investigación
Volver al Sitio - CRAI Biblioteca| 000 -CABECERA | |
|---|---|
| campo de control de longitud fija | 01853nam a2200301 4500 |
| 001 - NÚMERO DE CONTROL | |
| campo de control | 114131 |
| 003 - IDENTIFICADOR DEL NÚMERO DE CONTROL | |
| campo de control | DR-UNIBE |
| 005 - FECHA Y HORA DE LA ÚLTIMA TRANSACCIÓN | |
| campo de control | 20251002114114.0 |
| 008 - DATOS DE LONGITUD FIJA--INFORMACIÓN GENERAL | |
| campo de control de longitud fija | 251002b2017 dr ||||| |||| 00| 1 spa d |
| 020 ## - NÚMERO INTERNACIONAL ESTÁNDAR DEL LIBRO | |
| Número Internacional Estándar del Libro | 9789945603330 |
| 040 ## - FUENTE DE LA CATALOGACIÓN | |
| Centro catalogador/agencia de origen | BIBLIOTECA UNIBE |
| Lengua de catalogación | spa |
| Centro/agencia transcriptor | BIBLIOTECA UNIBE |
| Normas de descripción | rda |
| 041 ## - CÓDIGO DE LENGUA | |
| Código de lengua del texto/banda sonora o título independiente | spa |
| 090 ## - LOCALMENTE ASIGNADO TIPO-LC NÚMERO DE CLASIFICACIÓN (OCLC); NÚMERO DE CLASIFICACIÓN LOCAL (RLIN) | |
| Número de clasificación (OCLC) (R) ; Numero de clasificación, CALL (RLIN) (NR) | FBIU-PUCMM CI M965 |
| 245 13 - MENCIÓN DE TÍTULO | |
| Título | Un mundo mágico : |
| Resto del título | cuentos e ilustraciones de niños y niñas dominicanos / |
| Mención de responsabilidad, etc. | presentación: Andrés Navarro García ; prólogo: Dulce Rodríguez ; coordinación de lengua española: Norma Mena ; director del <br/>Distrito Educativo 10-01: Ydelsis Morel ; edición: Denise Ocampo ; diseño de portada, diagramación y cuidado de ilustraciones: Juan José Vásquez |
| 250 ## - MENCIÓN DE EDICIÓN | |
| Mención de edición | Primera edición |
| 260 ## - PUBLICACIÓN, DISTRIBUCIÓN, ETC. | |
| Lugar de publicación, distribución, etc. | Santiago de los Caballeros : |
| Nombre del editor, distribuidor, etc. | Pontificia Universidad Católica Madre y Maestra (PUCMM) : |
| -- | Centro de Investigación y Desarrollo Humano, (CIEDI-Humano), |
| Fecha de publicación, distribución, etc. | 2017 |
| 300 ## - DESCRIPCIÓN FÍSICA | |
| Extensión | vi, 120 páginas : |
| Otras características físicas | ilustraciones ; |
| Dimensiones | 27 x 20 cm |
| 500 ## - NOTA GENERAL | |
| Nota general | Incluye fotos de los niños escritores de los grados de primero a sexto del nivel primario de las escuelas del distrito educativo 10-01 de Villa Mella, ganadores del concurso de cuentos para desarrollar las competencias de lectura y escritura. En la contraportada interna se lee los nombres de los jurados |
| 653 #7 - TÉRMINO DE INDIZACIÓN--NO CONTROLADO | |
| Término no controlado | Cuentos infantiles dominicanos |
| 653 #7 - TÉRMINO DE INDIZACIÓN--NO CONTROLADO | |
| Término no controlado | Literatura infantil dominicana |
| 700 10 - PUNTO DE ACCESO ADICIONAL--NOMBRE DE PERSONA | |
| Nombre de persona | Navarro García, Andrés |
| 9 (RLIN) | 141646 |
| Término indicativo de función/relación | presentación |
| 700 10 - PUNTO DE ACCESO ADICIONAL--NOMBRE DE PERSONA | |
| Nombre de persona | Rodríguez, Dulce |
| 9 (RLIN) | 199529 |
| Término indicativo de función/relación | prologuista |
| 700 10 - PUNTO DE ACCESO ADICIONAL--NOMBRE DE PERSONA | |
| Nombre de persona | Mena, Norma |
| 9 (RLIN) | 196965 |
| Término indicativo de función/relación | coordinador lengua española |
| 700 10 - PUNTO DE ACCESO ADICIONAL--NOMBRE DE PERSONA | |
| Nombre de persona | Morel, Ydelsis |
| 9 (RLIN) | 199540 |
| Término indicativo de función/relación | director Distrito Educativo 10-01 |
| 700 10 - PUNTO DE ACCESO ADICIONAL--NOMBRE DE PERSONA | |
| Nombre de persona | Ocampo, Denise |
| 9 (RLIN) | 199530 |
| Término indicativo de función/relación | cuidado de la edición |
| 700 10 - PUNTO DE ACCESO ADICIONAL--NOMBRE DE PERSONA | |
| Nombre de persona | Vásquez, Juan José |
| 9 (RLIN) | 199531 |
| Término indicativo de función/relación | diseñador de portada |
| -- | diagramador |
| -- | cuidado de las ilustraciones |
| 942 ## - ELEMENTOS DE PUNTO DE ACCESO ADICIONAL (KOHA) | |
| Fuente del sistema de clasificación o colocación | Sistema de Clasificación Decimal Dewey |
| Tipo de ítem Koha | Libro (general) |
| Estado de retiro | Estado de pérdida | Fuente del sistema de clasificación o colocación | No para préstamo | Código de colección | Localización permanente | Fecha de adquisición | Total de préstamos | Signatura topográfica completa | Código de barras | Fecha visto por última vez | Número de copia | Precio válido a partir de | Tipo de ítem Koha |
|---|---|---|---|---|---|---|---|---|---|---|---|---|---|
| Disponible | Sistema de Clasificación Decimal Dewey | No se presta | Fondo Bibliográfico IBBY-UNIBE | Biblioteca Central UNIBE | 01/08/2025 | FBIU-PUCMM CI M965 | FBIU0898 | 02/10/2025 | EJ. 1 | 02/10/2025 | Libro (general) |